Duck and cover / (Record no. 4385)

MARC details
000 -LEADER
fixed length control field 01039cam a2200313 a 4500
005 - DATE AND TIME OF LATEST TRANSACTION
control field 20241122085939.0
020 ## - INTERNATIONAL STANDARD BOOK NUMBER
International Standard Book Number 9780545365659
040 ## - CATALOGING SOURCE
Original cataloging agency DLC
Transcribing agency DLC
Modifying agency DLC
Language of cataloging eng
050 00 - LIBRARY OF CONGRESS CALL NUMBER
Classification number PZ7.U6378
082 00 - DEWEY DECIMAL CLASSIFICATION NUMBER
Classification number 310
100 1# - MAIN ENTRY--PERSONAL NAME
Personal name Urbanovic, Jackie
245 10 - TITLE STATEMENT
Title Duck and cover /
Statement of responsibility, etc. Jackie Urbanovic
250 ## - EDITION STATEMENT
Edition statement First Scholastic printing , May 2011
260 ## - PUBLICATION, DISTRIBUTION, ETC.
Place of publication, distribution, etc. New York :
Name of publisher, distributor, etc. Scholastic ;
Date of publication, distribution, etc. 2009 .
300 ## - PHYSICAL DESCRIPTION
Extent 32 unnumbered pages :
Other physical details color illustrations ;
Dimensions 22 cm .
490 ## - SERIES STATEMENT
Series statement Max the Duck
505 ## - FORMATTED CONTENTS NOTE
Formatted contents note J <br/>
520 ## - SUMMARY, ETC.
Summary, etc. Irene and her menagerie of pets, including Max the duck, take in an alligator who has run away from the zoo, in spite of grave concerns about his voracious appetite.
521 1# - TARGET AUDIENCE NOTE
Target audience note 500 <br/>
Source Lexile AD <br/>
521 1# - TARGET AUDIENCE NOTE
Target audience note J <br/>
Source Raz-Plus <br/>
650 #1 - SUBJECT ADDED ENTRY--TOPICAL TERM
Topical term or geographic name entry element Ducks
Form subdivision Fiction.
650 #1 - SUBJECT ADDED ENTRY--TOPICAL TERM
Topical term or geographic name entry element Alligators
Form subdivision Fiction.
650 #1 - SUBJECT ADDED ENTRY--TOPICAL TERM
Topical term or geographic name entry element Animals
Form subdivision Fiction.
650 #1 - SUBJECT ADDED ENTRY--TOPICAL TERM
Topical term or geographic name entry element Pets
Form subdivision Fiction.
700 1# - ADDED ENTRY--PERSONAL NAME
Personal name Urbanovic, Jackie
Relator term illustrator
906 ## - LOCAL DATA ELEMENT F, LDF (RLIN)
a 7
b cbc
c orignew
d 1
e ecip
f 20
g y-gencatlg
942 ## - ADDED ENTRY ELEMENTS (KOHA)
Source of classification or shelving scheme Dewey Decimal Classification
Koha item type Books
Suppress in OPAC No
999 ## -
-- 4385
-- 4385
Holdings
Withdrawn status Lost status Source of classification or shelving scheme Damaged status Not for loan Collection Home library Current library Shelving location Date acquired Total Checkouts Full call number Barcode Date last seen Price effective from Koha item type Copy number
    Dewey Decimal Classification     Juvenile Fiction Footprints International School Library Network Toul Kork Campus Footprints International School Library Network Toul Kork Campus   08/16/2024   URN 310 PZ7.U6378 FIS01797 08/16/2024 08/16/2024 Books  
    Dewey Decimal Classification     Juvenile Fiction Footprints International School Library Network Toul Kork Campus Footprints International School Library Network Toul Kork Campus TK Primary Library Room(4th Floor), Bookcase 1&2, Shelves 1-16, Dark Blue Books 11/22/2024   URN 310 PZ7.U6378 FISTK02244 11/22/2024 11/22/2024 Books 2